| 000 | 01330nam a2200361 i 4500 | ||
|---|---|---|---|
| 001 | 14130 | ||
| 003 | KOSZ 005 | ||
| 005 | 20200522141143.0 | ||
| 008 | 070713s1971 pl f f 000 0 pol | ||
| 015 | _aPB 1972/1062 | ||
| 040 |
_aWA N _cWA N _dKOSZ 005/RW |
||
| 080 | _a69 | ||
| 080 | _a331.82 | ||
| 245 | 0 | 0 |
_aTechnika bezpieczeństwa w budownictwie powszechnym : _bporadnik szkoleniowy : praca zbiorowa / _c[autorzy Zygmunt Gromnicki et al. ; redakcja naukowa Ignacy Płoński, Ewa Wawrzyńczak]. |
| 250 | _aWydanie 2 rozszerzone i poprawione. | ||
| 260 |
_aWarszawa : _b"Arkady", _c1971. |
||
| 300 |
_a449, [3] stron ; _c23 cm. |
||
| 336 |
_aTekst _btxt _2rdacontent |
||
| 337 |
_aBez urządzenia pośredniczącego _bn _2rdamedia |
||
| 338 |
_aWolumin _bnc _2rdacarrier |
||
| 380 | _aKsiążki. | ||
| 504 | _aBibliografia na stronach 445-449. | ||
| 658 | _aArchitektura i budownictwo | ||
| 658 | _aInżynieria i technika | ||
| 650 | 4 | _aBudownictwo | |
| 650 | 4 | _aBHP | |
| 700 | 1 |
_aGromnicki, Zygmunt. _eAutor |
|
| 710 | 2 |
_aWydawnictwo Arkady _4pbl. |
|
| 700 | 1 |
_aPłoński, Ignacy _eRedakcja |
|
| 700 | 1 |
_aWawrzyńczak, Ewa _eRedakcja |
|
| 856 |
_uhttp://koha.tu.koszalin.pl/cgi-bin/koha/opac-detail.pl?biblionumber=14130 _yKatalog online BPK |
||
| 942 |
_2UKD _cKS |
||
| 999 |
_c14130 _d14130 |
||